[Event "Aragon-chT Preferente Gr-I"]
[Site "Aragon"]
[Date "2020.01.25"]
[Round "1.38"]
[White "Abos Rosico, Antonio"]
[Black "Jario Garcia, Ricardo Javier"]
[Result "1/2-1/2"]
[WhiteElo "2083"]
[BlackElo "2078"]
[PlyCount "71"]
[EventDate "2020.01.25"]
[EventType "team-tourn"]
[EventRounds "9"]
[EventCountry "ESP"]
[SourceTitle "EXT 2022"]
[Source "ChessBase"]
[SourceDate "2021.10.06"]
[SourceVersion "1"]
[SourceVersionDate "2021.10.06"]
[SourceQuality "1"]
[WhiteTeam "Actur Rey Fernando"]
[BlackTeam "Marcos Frechin"]
[WhiteTeamCountry "ESP"]
[BlackTeamCountry "ESP"]

1. e4 c5 2. d4 cxd4 3. c3 d5 4. exd5 Qxd5 5. cxd4 g6 6. Nf3 Bg7 7. Nc3 Qd8 8. Bc4 Nc6 9. 0-0 Nh6 10. d5 Na5 11. Bb5+ Bd7 12. Bxh6 Bxh6 13. Bxd7+ Qxd7 14. Qd4 0-0 15. Ne5 Qd8 16. Rad1 Bg7 17. f4 b6 18. Rf3 Nb7 19. Qf2 Qd6 20. Ne4 Qb4 21. Rd4 Qb5 22. Rd1 Nd6 23. Nc3 Qc5 24. Qxc5 bxc5 25. Nc6 Rfe8 26. g4 f5 27. h3 a6 28. Na4 c4 29. Nb6 Bxb2 30. Nxa8 Rxa8 31. Nxe7+ Kf8 32. Nc6 Re8 33. gxf5 gxf5 34. Nd4 Re4 35. Ne6+ Ke7 36. Rf2 1/2-1/2

[Event "Aragon-chT Honor Titulo"]
[Site "Aragon"]
[Date "2013.03.23"]
[Round "9.11"]
[White "Abos Rosico, Antonio"]
[Black "Gines Abad, Pedro"]
[Result "1-0"]
[WhiteElo "2073"]
[BlackElo "2088"]
[PlyCount "103"]
[EventDate "2013.01.26"]
[EventType "team"]
[EventRounds "11"]
[EventCountry "ESP"]
[SourceTitle "EXT 2014"]
[Source "ChessBase"]
[SourceDate "2013.11.20"]
[SourceVersion "1"]
[SourceVersionDate "2013.11.20"]
[SourceQuality "1"]
[WhiteTeam "Casino Jaque"]
[BlackTeam "IberCaja"]
[WhiteTeamCountry "ESP"]
[BlackTeamCountry "ESP"]

1. e4 d5 2. Nc3 d4 3. Nce2 c5 4. Nf3 Nc6 5. Ng3 Nf6 6. Bb5 Bd7 7. 0-0 a6 8. Bxc6 Bxc6 9. d3 Qc7 10. e5 Bxf3 11. Qxf3 Qxe5 12. Qxb7 Qd5 13. Qxd5 Nxd5 14. Bd2 e6 15. c4 Nf6 16. a3 Rb8 17. b4 Kd7 18. Rfb1 Kc6 19. Rb3 a5 20. b5+ Kb6 21. a4 Bd6 22. Ne2 Nd7 23. Rba3 Rhe8 24. Re1 Ra8 25. Nc1 Ne5 26. Ra2 f5 27. f3 h6 28. Re2 g5 29. Kf1 Nf7 30. g3 Ne5 31. Kg2 Re7 32. Be1 h5 33. Rad2 g4 34. f4 Nf3 35. Rd1 h4 36. Nb3 hxg3 37. Bxg3 Rh8 38. Nd2 Nh4+ 39. Kg1 Ng6 40. Rde1 Rhe8 41. Rf1 Bc7 42. Nb3 Bd6 43. Be1 Bxf4 44. Bxa5+ Ka7 45. Nxc5 Be3+ 46. Kh1 Rh7 47. b6+ Ka8 48. Rb1 g3 49. b7+ Ka7 50. Rb6 Bf2 51. Ra6+ Kb8 52. Ra8# 1-0

[Event "Aragon-chT Honor GrA"]
[Site "Aragon"]
[Date "2013.03.02"]
[Round "6.15"]
[White "Garcia Monterde, Francisco Jose"]
[Black "Abos Rosico, Antonio"]
[Result "0-1"]
[WhiteElo "2036"]
[BlackElo "2073"]
[PlyCount "88"]
[EventDate "2013.01.26"]
[EventType "team"]
[EventRounds "7"]
[EventCountry "ESP"]
[SourceTitle "EXT 2014"]
[Source "ChessBase"]
[SourceDate "2013.11.20"]
[SourceVersion "1"]
[SourceVersionDate "2013.11.20"]
[SourceQuality "1"]
[WhiteTeam "IberCaja II"]
[BlackTeam "Casino Jaque"]
[WhiteTeamCountry "ESP"]
[BlackTeamCountry "ESP"]

1. c4 e5 2. g3 Nc6 3. Bg2 g6 4. Nc3 Bg7 5. Nf3 d6 6. d3 Nf6 7. 0-0 0-0 8. Rb1 h6 9. b4 a6 10. a4 Be6 11. b5 axb5 12. axb5 Na5 13. c5 dxc5 14. Nxe5 Qd4 15. Bb2 Qxe5 16. Nd5 Nxd5 17. Bxe5 Bxe5 18. Qc2 Nc3 19. Rb2 c6 20. b6 Ra6 21. e3 Na4 22. Rbb1 Nxb6 23. Qxc5 Nd7 24. Qc2 Rfa8 25. d4 Bd6 26. Ra1 Nc4 27. Rxa6 Rxa6 28. e4 b5 29. d5 cxd5 30. exd5 Bf5 31. Be4 Bxe4 32. Qxe4 Nf6 33. Qd4 Ne5 34. Kg2 b4 35. h3 Ned7 36. Qc4 Rb6 37. Rb1 Kg7 38. g4 Ne5 39. Qd4 Rb5 40. Qa7 Rxd5 41. Qb7 Rd2 42. Rb3 Bc5 43. Rf3 Nxf3 44. Qxf3 Rxf2+ 0-1

[Event "Aragon-chT Preferente"]
[Site "Spain"]
[Date "2010.03.06"]
[Round "7.54"]
[White "Garcia Asenjo, Antonio"]
[Black "Abos Rosico, Antonio"]
[Result "0-1"]
[WhiteElo "2023"]
[BlackElo "2047"]
[PlyCount "60"]
[EventDate "2010.01.23"]
[EventType "team-swiss"]
[EventRounds "12"]
[EventCountry "ESP"]
[SourceTitle "EXT 2013"]
[Source "ChessBase"]
[SourceDate "2012.11.22"]
[SourceVersion "1"]
[SourceVersionDate "2012.11.22"]
[SourceQuality "1"]
[WhiteTeam "El Soto"]
[BlackTeam "Casino Jaque"]
[WhiteTeamCountry "ESP"]
[BlackTeamCountry "ESP"]

1. e4 d6 2. d4 Nf6 3. Nc3 g6 4. f3 c6 5. Be3 b5 6. Qd2 Nbd7 7. Nh3 b4 8. Ne2 Rb8 9. Ng3 Qb6 10. Bc4 Ba6 11. Bxa6 Qxa6 12. Ne2 Bg7 13. 0-0 0-0 14. a3 b3 15. Nc1 bxc2 16. Qxc2 c5 17. Nd3 cxd4 18. Bxd4 Rfc8 19. Qd2 Nxe4 20. Qe3 Bxd4 21. Qxd4 Nd2 22. Nc5 Nxc5 23. Qxd2 Qb6 24. Qh6 Ne6+ 25. Kh1 Qxb2 26. f4 Rc2 27. Ng5 Nxg5 28. Qxg5 Rf2 29. Qxe7 Rxg2 30. Qh4 Qb7 0-1

[Event "Aragon-chT"]
[Site "Aragon"]
[Date "2009.03.14"]
[Round "7"]
[White "Cantin Zaborras, Valentin"]
[Black "Abos Rosico, Antonio"]
[Result "1-0"]
[WhiteElo "2117"]
[BlackElo "2047"]
[PlyCount "75"]
[EventDate "2009.01.24"]
[EventType "team-swiss"]
[EventRounds "9"]
[EventCountry "ESP"]
[SourceTitle "EXT 2011"]
[Source "ChessBase"]
[SourceDate "2010.11.26"]
[SourceVersion "1"]
[SourceVersionDate "2010.11.26"]
[SourceQuality "1"]

1. e4 d6 2. d4 Nf6 3. Nc3 g6 4. Bc4 c6 5. Qe2 Bg7 6. e5 dxe5 7. dxe5 Ng4 8. e6 f5 9. Nf3 0-0 10. 0-0 b5 11. Rd1 Qc7 12. Bb3 Bb7 13. h3 Ne5 14. Bf4 Nxf3+ 15. Qxf3 Qb6 16. Be3 Qc7 17. Bc5 Kh8 18. Rd3 a5 19. a3 Na6 20. Rd7 Qxd7 21. exd7 Nxc5 22. Qe3 Nxb3 23. cxb3 Rad8 24. Qxe7 Bf6 25. Qe6 Kg7 26. Rd1 Rf7 27. g4 fxg4 28. Ne4 Bh4 29. Qxg4 Be7 30. Qe6 c5 31. Qe5+ Kg8 32. Nxc5 Bf3 33. Re1 Bf8 34. Qe8 Rfxd7 35. Nxd7 Rxe8 36. Rxe8 Bc6 37. Rxf8+ Kg7 38. Rd8 1-0

[Event "Aragon-chT"]
[Site "Aragon"]
[Date "2009.03.07"]
[Round "6"]
[White "Van Ojik, Mark"]
[Black "Abos Rosico, Antonio"]
[Result "1-0"]
[WhiteElo "2047"]
[BlackElo "2047"]
[PlyCount "53"]
[EventDate "2009.01.24"]
[EventType "team-swiss"]
[EventRounds "9"]
[EventCountry "ESP"]
[SourceTitle "EXT 2011"]
[Source "ChessBase"]
[SourceDate "2010.11.26"]
[SourceVersion "1"]
[SourceVersionDate "2010.11.26"]
[SourceQuality "1"]

1. e4 e5 2. Nf3 Nc6 3. Bc4 Nf6 4. d3 Bc5 5. Nc3 d6 6. Bg5 h6 7. Bh4 a6 8. Nd5 Be6 9. c3 Bxd5 10. Bxd5 g5 11. Bxc6+ bxc6 12. Bg3 Bb6 13. Qc2 Qd7 14. d4 Qg4 15. 0-0-0 Nxe4 16. Rhe1 Nxg3 17. hxg3 0-0-0 18. dxe5 dxe5 19. Nxe5 Rxd1+ 20. Rxd1 Qe6 21. Nd7 Rd8 22. Nxb6+ cxb6 23. Rxd8+ Kxd8 24. b3 Kc7 25. Kb2 b5 26. Qd2 c5 27. Qd1 1-0

[Event "Aragon-chT"]
[Site "Aragon"]
[Date "2008.04.12"]
[Round "9"]
[White "Abos Rosico, Antonio"]
[Black "Cobo Garrido, Diego Israel"]
[Result "0-1"]
[WhiteElo "2043"]
[BlackElo "1989"]
[PlyCount "110"]
[EventDate "2008.02.02"]
[EventType "team-swiss"]
[EventRounds "12"]
[EventCountry "ESP"]
[SourceTitle "EXT 2011"]
[Source "ChessBase"]
[SourceDate "2010.11.26"]
[SourceVersion "1"]
[SourceVersionDate "2010.11.26"]
[SourceQuality "1"]

1. e4 c5 2. Nf3 Nc6 3. d4 cxd4 4. Nxd4 Nf6 5. Nc3 e5 6. Ndb5 d6 7. a4 a6 8. Na3 h6 9. Bc4 Be7 10. 0-0 0-0 11. b3 Be6 12. Bb2 Nxe4 13. Nxe4 d5 14. Bd3 dxe4 15. Bxe4 Rc8 16. Qh5 f5 17. Rad1 Qe8 18. Qxe8 Rfxe8 19. Bd5 Kf7 20. Nc4 Bxd5 21. Rxd5 Ke6 22. Rfd1 Red8 23. Rxd8 Rxd8 24. Rxd8 Bxd8 25. Kf1 g6 26. c3 Ne7 27. Ke2 Nd5 28. Ne3 Nf4+ 29. Kd2 Bb6 30. g3 Nh3 31. Ke2 Ng1+ 32. Kf1 Nf3 33. Nc4 Bc7 34. Kg2 Ne1+ 35. Kf1 Nd3 36. Ke2 Nc5 37. Nd2 e4 38. Ba3 Nd3 39. f3 Kd5 40. fxe4+ fxe4 41. Nc4 h5 42. Ne3+ Ke6 43. Ng2 Bb6 44. Ne3 Ne5 45. Ng2 Bg1 46. Nf4+ Kf5 47. Kf1 Bxh2 48. Kg2 Bxg3 49. Nxh5 gxh5 50. Kxg3 e3 51. Bc5 Ke4 52. c4 Nd3 53. Bb6 e2 54. Ba5 e1Q+ 55. Bxe1 Nxe1 0-1

[Event "Aragon-chT"]
[Site "Aragon"]
[Date "2008.02.09"]
[Round "2"]
[White "Abos Rosico, Antonio"]
[Black "Solano Lasierra, Javier"]
[Result "0-1"]
[WhiteElo "2043"]
[BlackElo "2146"]
[PlyCount "60"]
[EventDate "2008.02.02"]
[EventType "team-swiss"]
[EventRounds "12"]
[EventCountry "ESP"]
[SourceTitle "EXT 2011"]
[Source "ChessBase"]
[SourceDate "2010.11.26"]
[SourceVersion "1"]
[SourceVersionDate "2010.11.26"]
[SourceQuality "1"]

1. e4 e6 2. d4 d5 3. Nd2 dxe4 4. Nxe4 Nd7 5. Nf3 Ngf6 6. Bd3 Be7 7. Qe2 0-0 8. Bf4 c5 9. dxc5 Nxc5 10. Nxc5 Qa5+ 11. Bd2 Qxc5 12. 0-0-0 b5 13. Ng5 Bb7 14. h4 b4 15. Kb1 Bd5 16. Rh3 Rac8 17. b3 a5 18. Be3 Qc6 19. Bd4 h6 20. Rg3 Rfd8 21. Nh7 e5 22. Qxe5 Qd6 23. Nxf6+ Bxf6 24. Rxg7+ Kxg7 25. Qf5 Bxd4 26. Qg4+ Kf6 27. Qxd4+ Qe5 28. Qb6+ Be6 29. f4 Qc5 30. Qb7 Rxd3 0-1

[Event "Aragon-chT Autonomico"]
[Site "Aragon"]
[Date "2007.03.03"]
[Round "6"]
[White "Jario Garcia, Ricardo Javier"]
[Black "Abos Rosico, Antonio"]
[Result "1-0"]
[WhiteElo "2161"]
[BlackElo "1957"]
[PlyCount "55"]
[EventDate "2007.01.27"]
[EventType "team"]
[EventRounds "9"]
[EventCountry "ESP"]
[SourceTitle "EXT 2008"]
[Source "ChessBase"]
[SourceDate "2007.11.25"]
[SourceVersion "1"]
[SourceVersionDate "2007.11.25"]
[SourceQuality "1"]
[WhiteTeam "Marcos Frechin"]
[BlackTeam "Casino Jaque"]
[WhiteTeamCountry "ESP"]
[BlackTeamCountry "ESP"]

1. e4 d6 2. d4 Nf6 3. Nc3 g6 4. Bg5 Nbd7 5. f4 c6 6. Qd2 Bg7 7. Nf3 b5 8. Bd3 Bb7 9. 0-0 b4 10. Nd1 c5 11. Nf2 Qc7 12. c3 bxc3 13. bxc3 e6 14. Rab1 Bc6 15. e5 Nd5 16. Ne4 dxe5 17. fxe5 0-0 18. c4 Nb4 19. Be7 Nxd3 20. Qxd3 Nxe5 21. Nxe5 Bxe4 22. Qxe4 Qxe7 23. Rb7 Qd6 24. Rd7 Qb6 25. Rfxf7 Bh6 26. Ng4 Rxf7 27. Nxh6+ Kf8 28. Rxf7+ 1-0